=LDR 00000nam 2200000 4500 =001 INLIS000000000021177 =005 20130612120046 =008 ***********************************Ind** =035 ##$$0010-061300000021177 =041 ##$$a Ind =082 ##$$a 339 =090 ##$$a 339, Sam s =100 ##$$a Samuelson, Paul A =245 ##$$a Makroekonomi, Paul A. Samuelson =260 ##$$a 1994 $b Jakarta =300 ##$$a 518 hlm, 21 cm =650 ##$$a Makroekonomi =850 ##$$a NBPNMAT =990 ##$$a 86.792/Pro.95 =990 ##$$a 0001/BPAP-NTB/20142015 =990 ##$$a 86.792/Pro.95